Schaum's outline of theory and problems of programming with C (Record no. 119418)

MARC details
000 -LEADER
fixed length control field 00427nam a2200157Ia 4500
008 - FIXED-LENGTH DATA ELEMENTS--GENERAL INFORMATION
fixed length control field 230917s9999||||xx |||||||||||||| ||und||
040 ## - CATALOGING SOURCE
-- 29979
Original cataloging agency VIVEKANANDA LIBRARY
041 ## - Language
-- English
082 ## - DDC NUMBER
Classification number 005.133 G713T
100 ## - MAIN ENTRY--PERSONAL NAME
Personal name Gottfried, Byron S
245 #0 - TITLE STATEMENT
Title Schaum's outline of theory and problems of programming with C
250 ## - EDITION STATEMENT
Edition statement 2nd ed.
260 ## - PUBLICATION, DISTRIBUTION, ETC. (IMPRINT)
Place of publication, distribution, etc New Delhi
Name of publisher, distributor, etc Tata McGraw-Hill
Date of publication, distribution, etc 1998
300 ## - PHYSICAL DESCRIPTION
Pages viii, 532 p.
942 ## - ADDED ENTRY ELEMENTS (KOHA)
Koha item type Books
Holdings
Withdrawn status Lost status Damaged status Not for loan Location (home branch) Sublocation or collection (holding branch) Shelving location Date acquired Koha issues (times borrowed) Koha full call number Accession No. Koha date last seen Koha item type
        VIVEKANANDA LIBRARY VIVEKANANDA LIBRARY UIET Library 21/04/2004   005.133 G713T 211665 17/09/2023 Books
        VIVEKANANDA LIBRARY VIVEKANANDA LIBRARY UIET Library 21/04/2004   005.133 G713T 211666 17/09/2023 Books
        VIVEKANANDA LIBRARY VIVEKANANDA LIBRARY UIET Library 21/04/2004   005.133 G713T 215621 17/09/2023 Books
        VIVEKANANDA LIBRARY VIVEKANANDA LIBRARY   21/04/2004   005.133 G713T 215622 17/09/2023 Books
        VIVEKANANDA LIBRARY VIVEKANANDA LIBRARY UIET Library 21/04/2004 1 005.133 G713T 215623 10/06/2024 Books
        VIVEKANANDA LIBRARY VIVEKANANDA LIBRARY UIET Library 21/04/2004   005.133 G713T 215624 17/09/2023 Books
        VIVEKANANDA LIBRARY VIVEKANANDA LIBRARY UIET Library 21/04/2004   005.133 G713T 215625 17/09/2023 Books
        VIVEKANANDA LIBRARY VIVEKANANDA LIBRARY UIET Library 21/04/2004   005.133 G713T 215626 17/09/2023 Books
        VIVEKANANDA LIBRARY VIVEKANANDA LIBRARY UIET Library 21/04/2004   005.133 G713T 215627 17/09/2023 Books
        VIVEKANANDA LIBRARY VIVEKANANDA LIBRARY UIET Library 21/04/2004 1 005.133 G713T 215628 04/11/2024 Books
        VIVEKANANDA LIBRARY VIVEKANANDA LIBRARY UIET Library 21/04/2004   005.133 G713T 215629 17/09/2023 Books
        VIVEKANANDA LIBRARY VIVEKANANDA LIBRARY UIET Library 21/04/2004   005.133 G713T 215630 17/09/2023 Books
        VIVEKANANDA LIBRARY VIVEKANANDA LIBRARY UIET Library 21/04/2004   005.133 G713T 215631 17/09/2023 Books
        VIVEKANANDA LIBRARY VIVEKANANDA LIBRARY   21/04/2004   005.133 G713T 215632 17/09/2023 Books
        VIVEKANANDA LIBRARY VIVEKANANDA LIBRARY UIET Library 21/04/2004   005.133 G713T 215634 17/09/2023 Books
        VIVEKANANDA LIBRARY VIVEKANANDA LIBRARY UIET Library 21/04/2004 1 005.133 G713T 215635 20/11/2023 Books
© Designed and Maintained by Vivekananda Library, MDU Rohtak